Obálka Náhled e-knihy:
PDF Epub
Pro půjčování e-knih musíte být přihlášeni.
Jak si půjčit online?

Ona a jej mačka /

Štyri ženy a ich mačací spoločníci skúmajú v prepojených poviedkach krehkosť života, bolesť samoty a hranice komunikácie. Dôvtipné striedanie rozprávačov – raz sú nimi mačky, inokedy ich majiteľky – nám ponúka jemný a originálny pohľad na ľudské slabosti aj túžbu po blízkosti a ukazuje, že aj v najt...

Celý popis

Uloženo v:
Hlavní autor: Šinkai, Makoto (Autor)
Médium: E-kniha
Jazyk:Czech
Vydáno: Praha : Albatros Media Slovakia s.r.o., 2026
Tagy:
Žádné tagy
LEADER 01438nam a22002297i 4500
001 305190
007 ta
008 260601s2026 xr ||||| |||| 00| 0 cze d
020 |a 9788056652039 
044 |a xr 
100 1 |a  Šinkai, Makoto  |4 aut 
245 1 0 |a Ona a jej mačka /  |c  Šinkai, Makoto 
240 1 0 |a She And Her Cat 
264 1 |a Praha :  |b Albatros Media Slovakia s.r.o.,  |c 2026 
300 |a 1 online zdroj (144 stran) 
336 |a text  |b txt  |2 rdacontent 
337 |a bez média  |b n  |2 rdamedia 
338 |a online zdroj  |b cr  |2 rdacarrier 
520 2 |a Štyri ženy a ich mačací spoločníci skúmajú v prepojených poviedkach krehkosť života, bolesť samoty a hranice komunikácie. Dôvtipné striedanie rozprávačov – raz sú nimi mačky, inokedy ich majiteľky – nám ponúka jemný a originálny pohľad na ľudské slabosti aj túžbu po blízkosti a ukazuje, že aj v najtemnejších a najosamelejších chvíľach sme stále spojení s okolitým svetom – často nečakaným spôsobom. 
910 |a RBIT002 
998 |d 427494  |a https://core.palmknihy.cz/api/books/427494/cover?tfrpwp  |b https://core.palmknihy.cz/api/books/427494/cover/400?tfrpwp  |c https://core.palmknihy.cz/api/books/427494/cover/50?tfrpwp  |e 2030-02-17  |g 144  |i 9788056652039  |j https://core.palmknihy.cz/api/books/427494/preview.epub  |k https://core.palmknihy.cz/api/books/427494/preview.pdf  |l   |q 49  |r 1  |s https://www.palmknihy.cz/kniha/427494  |t ebook  |y 2026  |z 1 
999 |d 305188